|
|
|
|
| LEADER |
00000cam a2200000 a 4500 |
| 001 |
vtls001464973 |
| 003 |
SK-MaSNL |
| 005 |
20260301121714.0 |
| 008 |
220107s2003 xo grf 00000 slo |
| 015 |
|
|
|a SNBI2004/01-00100
|
| 020 |
|
|
|a 8089016073
|q (brožované)
|
| 035 |
|
|
|a SNK000420278
|
| 035 |
|
|
|a urn:nbn:sk:snk-am3ix6t
|
| 035 |
|
|
|a 04E6CBF3-7AE0-496A-8CEB-23131AFC2341
|
| 035 |
|
|
|a urn:nbn:sk:snk-am00g3p9
|
| 040 |
|
|
|a SNK
|b slo
|c SNK
|e AACR2
|
| 041 |
1 |
|
|a slo
|h eng
|
| 043 |
|
|
|a e------
|
| 044 |
|
|
|a xo
|c SK
|
| 072 |
|
7 |
|a 342
|x Ústavné právo. Správne právo
|2 konspekt
|
| 080 |
|
|
|a 342.7
|2 2011
|
| 080 |
|
|
|a 342.72/.73
|2 2011
|
| 080 |
|
|
|a (4)
|2 2011
|
| 080 |
|
|
|a (094)
|2 2011
|
| 080 |
|
|
|a (035)
|2 2011
|
| 130 |
0 |
|
|a Charter of Fundamental Rights of the European Union.
|l Slovensky
|9 466199
|
| 245 |
1 |
0 |
|a Charta základných práv Európskej únie
|c preklad: Zuzana Zachová
|
| 250 |
|
|
|a [1. vydanie]
|
| 260 |
|
|
|a Bratislava
|b Slovenské národné stredisko pre ľudské práva
|c 2003
|
| 300 |
|
|
|a 28 strán
|c 21 cm
|
| 490 |
1 |
|
|a Dokumenty
|v 2003
|
| 500 |
|
|
|a Pravdepodobne preložené z angličtiny
|
| 610 |
2 |
7 |
|a Európska únia
|2 SNKKA
|9 29861
|
| 630 |
0 |
7 |
|a Charta základných práv Európskej únie 2000
|2 SNKPH
|9 466200
|
| 650 |
0 |
7 |
|a ľudské práva
|2 SNKPH
|9 798
|
| 650 |
0 |
7 |
|a občianske práva
|2 SNKPH
|9 2254
|
| 650 |
0 |
7 |
|a základné práva a slobody
|2 SNKPH
|9 81533
|
| 655 |
|
7 |
|a charty
|2 SNKPH
|9 72665
|
| 655 |
|
7 |
|a dokumenty
|2 SNKPH
|9 70482
|
| 655 |
|
7 |
|a príručky
|2 SNKPH
|9 74364
|
| 700 |
1 |
|
|a Zachová, Zuzana
|4 trl
|9 466201
|
| 830 |
|
0 |
|a Dokumenty
|9 282395
|
| 919 |
|
|
|a 80-89016-07-3
|
| 958 |
|
|
|a OP
|
| 958 |
|
|
|a OND
|
| 968 |
|
|
|b ENG
|
| 999 |
|
|
|c 730359
|d 732289
|
| 952 |
|
|
|t P60, <03>, [BOOK], {603}
|a SNK
|b SNK
|y PREZ
|7 0
|p 17A0405495
|o snkSC 113932
|i snkKSP 15540/2003
|0 0
|1 0
|4 0
|d 2003-12-08
|f 1
|l 0
|r 2025-10-03 00:00:00
|w 2026-02-23
|